List of Spider-Man Villain - Statistics

General Stats
  • This quiz has been taken 181 times
  • The average score is 20 of 32
Answer Stats
First Appearance Powers Answer % Correct
#14 (1964) Peak Physical Condition; Themed Glider and Weaponry Green Goblin
96%
#9 (1964) Electric Manipulation Electro
93%
#300 (1987) Symbiote Suit Fueled by Rage Venom
93%
#2 (1963) Winged Harness Vulture
93%
#13 (1964) Master of Illusion Mysterio
92%
#6 (1963) Reptilian Skin; Peak Strength/Speed Lizard
91%
#546 (2008) Mental Domination; Dichotomous Nature Mister Negative
91%
#41 (1966) Superhuman Strength; Thick Armor Rhino
88%
#50 (1967) Master Tactician; Crime Lord Army Kingpin
87%
#361 (1992) Symbiote-Spawned Suit Carnage
85%
#3 (1963) Genius-level Intellect; Tentacle Arms Dr. Octopus
85%
#4 (1963) Shape-shifting; Density Control; Size Manipulation Sandman
83%
#20 (1965) Cybernetic Tail with Acid Projection Scorpion
80%
#1 (1963) Master of Disguise Chameleon
74%
#46 (1967) Vibrational Air Blasts Shocker
73%
#15 (1964) Peak Physical Condition; Expert Marksman Kraven the Hunter
69%
#238 (1983) Peak Physical Condition; Themed Glider and Weaponry Hobgoblin
66%
#212 (1981) Water Manipulation Hydro-Man
65%
#194 (1979) Probability Manipulation; Skilled Gymnast Black Cat
54%
#2 (1963) Expert Manufacturer Tinkerer
48%
Web of Spider-Man #36 (1988) Criminal Connections; Expert Marksman; Razor Teeth Tombstone
48%
#28 (1965) Organic-Liquid Metal Alloy; Heat/Radiation Generation Molten Man
45%
#101 (1971) Flight; Hypnotism; Strength Enhanced by Blood Morbius
45%
#113 (1972) Expert Fighter; Expert Hitman Hammerhead
44%
#129 (1974) Master of Genetics and Biochemistry Jackal
44%
Strange Tales #123 (1964) Mechanical Suit; Flight Beetle
39%
#129 (1974) Expert Fighter; Expert Marksman Punisher
31%
#73 (1969) Cybernetic Armor; Expert Marksman Silvermane
26%
Annual #19 (1985) Jagged, Blade-Like Protrusions in Shoulders Alistair Smythe
21%
#25 (1965) Arachnid Expert; Expert in Robotics Spencer Smythe
18%
#253 (1984) Criminal Connections; Bullet-Proof Suit The Rose
9%
#167 (1977) Flight; Hypnosis; Density Control Will o' the Wisp
9%
No matching quizzes found
Score Distribution
Percent of People with Each Score
Percentile by Number Answered
Your Score History
You have not taken this quiz